[Event "Challenge"]
[Site "http://www.queenalice.com/game.php?id=832200"]
[Date "2010.9.13"]
[Round "-"]
[White "Petrucio"]
[Black "zipperjones"]
[Result "1-0"]
[WhiteElo "1400"]
[BlackElo "1274"]

1. e4 Nf6 2. b4 Nxe4 3. f3 Nf6 4. Bb2 d5 5. Bxf6 gxf6 6. c3 e5 7. d4 exd4 8.
Qxd4 Nc6 9. Qe3+ Be7 10. b5 d4 11. cxd4 Qxd4 12. Kf2 Qxe3+ 13. Kxe3 Bf5 14. Nd2
Bc5+ 15. Kf4 Nd4 16. Rc1 Bd6+ 17. Ke3 Nxb5 18. a4 Bc5+ 19. Rxc5 Nd6 20. Rxc7 a5
21. g4 Rc8 22. Rc4 Nxc4+ 23. Bxc4 O-O 24. Bd5 Rfe8+ 25. Kf4 Be6 26. Bxb7 Rb8 27.
Ba6 Rb4+ 28. Kg3 Rxa4 29. Bb5 Ra2 30. Ne4 f5 31. Nf6+ Kf8 32. Bxe8 Ke7 33. g5 a4
34. Nh3 Ra3 35. Nf4 Rc3 36. Bxa4 Bb3 37. Bd7 Kd6 38. Bc8 Ke5 39. Bd7 Rc4 40.
Nxh7 Rxf4 41. Re1+ Kd6 42. Nf6 Be6 43. Kxf4 1-0

[Event "world around vs. small country"]
[Site "http://www.queenalice.com/game.php?id=832242"]
[Date "2010.9.13"]
[Round "-"]
[White "danbotoy"]
[Black "zipperjones"]
[Result "1-0"]
[WhiteElo "1271"]
[BlackElo "1223"]

1. e4 Nf6 2. e5 Nd5 3. Nc3 Nxc3 4. dxc3 d6 5. Nf3 Nc6 6. Bc4 Be6 7. Bxe6 fxe6 8.
O-O d5 9. Ng5 Nxe5 10. Re1 Qd6 11. Bf4 Nf3+ 12. Qxf3 Qd7 13. Nxe6 a5 14. Nxc7+
Kd8 15. Nxa8 Qf5 16. Bc7+ 1-0

[Event "Challenge"]
[Site "http://www.queenalice.com/game.php?id=832582"]
[Date "2010.9.14"]
[Round "-"]
[White "zipperjones"]
[Black "cadinho10"]
[Result "0-1"]
[WhiteElo "1223"]
[BlackElo "1673"]

1. e4 e5 2. Nf3 Nc6 3. d4 exd4 4. Nxd4 Nxd4 5. Qxd4 d6 6. Qd1 Nf6 7. Nc3 g6 8.
Bd3 Bg7 9. Nd5 O-O 10. Qf3 Re8 11. Be3 Nxd5 12. exd5 Bxb2 13. Rd1 Bc3+ 14. Ke2
Qh4 15. Bb5 Bg4 0-1

[Event "Challenge"]
[Site "http://www.queenalice.com/game.php?id=832979"]
[Date "2010.9.14"]
[Round "-"]
[White "zipperjones"]
[Black "montelo"]
[Result "1-0"]
[WhiteElo "1246"]
[BlackElo "2132"]

1. e4 e5 2. Nf3 Nf6 3. d4 Nxe4 4. Qe2 d5 5. Nxe5 c6 6. c4 Nf6 7. Nc3 Bb4 8. Bd2
Bxc3 9. Bxc3 Ne4 10. Qf3 f6 11. Bd3 Ng5 12. Qe2 fxe5 13. Qxe5+ Ne6 14. Qh5+ g6
15. Qe5 Rf8 16. cxd5 cxd5 17. Bb4 Rf7 18. Bb5+ Nc6 19. O-O Bd7 20. Qh8+ Rf8 21.
Bxf8 Nxf8 22. Rae1+ Kf7 23. Re3 Ne6 24. Qxh7+ Ke8 25. Qxg6+ Ke7 26. Rf3 Ncxd4
27. Rf7+ Kd6 28. Rxd7+ Qxd7 29. Bxd7 Kxd7 30. Qh7+ Kd6 31. h4 Nf8 32. Qxb7 Re8
33. Qa6+ Nc6 34. Rc1 1-0

[Event "Challenge"]
[Site "http://www.queenalice.com/game.php?id=833028"]
[Date "2010.9.15"]
[Round "-"]
[White "Petrucio"]
[Black "zipperjones"]
[Result "1-0"]
[WhiteElo "1411"]
[BlackElo "1253"]

1. e4 Nf6 2. b4 Nxe4 3. d3 Nf6 4. Bb2 Nd5 5. Be5 Nxb4 6. c3 N4c6 7. d4 d6 8. Bf4
e5 9. Be3 Bf5 10. Na3 exd4 11. cxd4 Nb4 12. Qa4+ N4c6 13. d5 Qf6 14. dxc6 Nxc6
15. Rc1 Be4 16. Qxe4+ Qe5 17. f3 Qxe4 18. fxe4 O-O-O 19. Nc4 d5 20. exd5 Rxd5
21. Rb1 Bb4+ 22. Kf2 Re8 23. g3 Ne5 24. Rxb4 Nxc4 25. Rxc4 Rf5+ 26. Bf4 g5 27.
Rxc7+ Kd8 28. Bh3 Rd5 29. Rc8+ Ke7 30. Bxg5+ f6 31. Rc7+ Kd8 32. Rc8+ Ke7 33.
Rc7+ Kd6 34. Rd7+ Ke5 35. Bf4+ Kd4 36. Rxb7 Kc3 37. a4 Rd2+ 38. Kf3 Rd3+ 39. Kg4
1-0

[Event "Challenge"]
[Site "http://www.queenalice.com/game.php?id=833606"]
[Date "2010.9.16"]
[Round "-"]
[White "YuGi"]
[Black "zipperjones"]
[Result "0-1"]
[WhiteElo "1401"]
[BlackElo "1236"]

1. e4 f6 2. Bc4 e6 3. Qf3 d5 4. Bb5+ Bd7 5. a4 Bxb5 6. axb5 dxe4 7. Qxe4 e5 8.
Qxb7 Nd7 9. Qc6 Ne7 10. Qe6 Nc5 11. Qg4 Qd4 12. Nf3 Qxg4 13. h3 Qxg2 14. Rf1
Qxf3 15. d3 Qxh3 16. Be3 Nf5 17. Bxc5 Bxc5 18. Rg1 g5 19. Nd2 Nd4 20. Ra6 Rf8
21. Ne4 Nf3+ 22. Ke2 Nxg1+ 23. Kd2 Qe3+ 24. Kc3 Ke7 25. Rc6 Ne2+ 26. Kc4 Qd4+
27. Kb3 Nc1# 0-1

[Event "Challenge"]
[Site "http://www.queenalice.com/game.php?id=833842"]
[Date "2010.9.16"]
[Round "-"]
[White "harturm"]
[Black "zipperjones"]
[Result "0-1"]
[WhiteElo "953"]
[BlackElo "1211"]

1. e4 d5 2. exd5 Qxd5 3. c4 Qe4+ 4. Qe2 Bf5 5. Nc3 Qxe2+ 6. Bxe2 Nc6 7. Nd5
O-O-O 8. g4 Bg6 9. Nc3 Nb4 10. Kf1 h5 11. gxh5 Bxh5 12. Nd5 g5 13. Nh3 Nxd5 14.
cxd5 Rxd5 15. d4 Bxe2+ 16. Kxe2 Rxd4 17. Nxg5 f6 18. Ne6 Re4+ 19. Be3 Rxe6 20.
Rhc1 Rxh2 21. Rc3 Bh6 22. Kf3 Rh3+ 23. Kg2 Rh5 24. Rac1 Bxe3 25. Rxc7+ Kd8 26.
Rc8+ Kd7 27. fxe3 Rxe3 28. Rxg8 Rg5+ 29. Rxg5 fxg5 30. Rc4 Re2+ 31. Kf3 Rxb2 32.
Ra4 a6 33. Kg4 Kc6 34. Kxg5 Kb5 35. Re4 Rxa2 36. Rxe7 b6 37. Re5+ Kc6 38. Kf6 b5
39. Kf5 a5 40. Ke4 a4 41. Kd4 a3 42. Re6+ Kd7 43. Rb6 Rb2 44. Kc3 Kc7 45. Ra6
b4+ 46. Kc4 Kb7 47. Ra4 a2 48. Kb5 b3 49. Kb4 Rb1 50. Ra3 a1=Q 0-1

[Event "Challenge"]
[Site "http://www.queenalice.com/game.php?id=834273"]
[Date "2010.9.17"]
[Round "-"]
[White "zipperjones"]
[Black "Martial"]
[Result "0-1"]
[WhiteElo "1152"]
[BlackElo "1499"]

1. e4 e5 2. Nf3 Nc6 3. d4 Bd6 4. dxe5 Nxe5 5. Nxe5 Bxe5 6. f4 Bd6 7. Be3 Nf6 8.
e5 Bxe5 9. fxe5 Ne4 10. Nc3 Nxc3 11. bxc3 O-O 12. Bc4 Qh4+ 13. g3 Qxc4 14. Bd4
b6 15. Qd3 Ba6 16. Qxc4 Bxc4 17. a4 c5 18. Be3 Rfe8 19. Bf4 d6 20. O-O-O dxe5
21. Be3 e4 22. Rd7 h6 23. Rc7 a5 24. Rd1 Be2 25. Rdd7 Rf8 26. Rb7 Bg4 27. Rdc7
Rad8 28. Rxb6 Rd1+ 29. Kb2 Re1 30. Bxc5 Re8 31. Rbb7 Be6 32. Bb6 e3 0-1

[Event "Challenge"]
[Site "http://www.queenalice.com/game.php?id=834529"]
[Date "2010.9.18"]
[Round "-"]
[White "PRZ"]
[Black "zipperjones"]
[Result "1-0"]
[WhiteElo "1174"]
[BlackElo "1273"]

1. c3 e5 2. e4 Nf6 3. Bd3 Nc6 4. Nf3 d5 5. exd5 Nxd5 6. Na3 Nf4 7. Nc4 Nxd3+ 8.
Ke2 Nxc1+ 9. Qxc1 Be6 10. Ncxe5 Nxe5 11. Nxe5 Bd6 12. Nf3 Qf6 13. Qc2 O-O 14. h4
Rad8 15. Ng5 Bc4+ 16. Kd1 Qxf2 17. Qxh7# 1-0

[Event "Challenge"]
[Site "http://www.queenalice.com/game.php?id=834534"]
[Date "2010.9.18"]
[Round "-"]
[White "zipperjones"]
[Black "PRZ"]
[Result "0-1"]
[WhiteElo "1257"]
[BlackElo "1194"]

1. e4 Nc6 2. Bc4 e6 3. Nc3 Qf6 4. Nh3 Nge7 5. d3 Nd4 6. Nb5 Nxb5 7. Bxb5 a6 8.
Bg5 Qxb2 9. Qb1 Qc3+ 10. Bd2 Qe5 11. c4 axb5 12. Qb4 Ra4 13. Qxb5 Qxa1+ 0-1

[Event "Chess 4 Fun"]
[Site "http://www.queenalice.com/game.php?id=835174"]
[Date "2010.9.20"]
[Round "-"]
[White "zipperjones"]
[Black "PaulMorphyJunior"]
[Result "0-1"]
[WhiteElo "1164"]
[BlackElo "1318"]

1. f3 d5 2. e4 dxe4 3. fxe4 e5 4. Nf3 Bc5 5. Bc4 Nc6 6. d3 Nf6 7. Nc3 Bg4 8. h3
Bxf3 9. Qxf3 Nd4 10. Qd1 c6 11. Bg5 b5 12. Nxb5 cxb5 13. Bd5 Rc8 14. c3 Ne6 15.
d4 exd4 16. cxd4 Bb4+ 17. Bd2 Bxd2+ 18. Qxd2 Nxd5 19. exd5 Qxd5 20. Rc1 Rxc1+
21. Qxc1 O-O 22. Qd2 Nxd4 23. Rf1 Rd8 24. Qf4 Re8+ 25. Kd2 Ne2+ 0-1

[Event "Chess 4 Fun"]
[Site "http://www.queenalice.com/game.php?id=835175"]
[Date "2010.9.20"]
[Round "-"]
[White "PaulMorphyJunior"]
[Black "zipperjones"]
[Result "1-0"]
[WhiteElo "1306"]
[BlackElo "1208"]

1. e4 Nf6 2. e5 Nh5 3. Qxh5 g6 4. Qf3 c6 5. Bc4 d5 6. exd6 Qxd6 7. Bxf7+ Kd8 8.
Qd3 Qxd3 9. cxd3 Nd7 10. Nf3 h5 11. d4 Nf6 12. d3 Rh6 13. Bxh6 Bxh6 14. Nc3 Nd5
15. Nxd5 cxd5 16. Bxd5 e6 17. Be4 b5 18. Bxa8 1-0

[Event "AUTO-BEG-423"]
[Site "http://www.queenalice.com/game.php?id=835907"]
[Date "2010.9.21"]
[Round "1"]
[White "zipperjones"]
[Black "carlosjvega"]
[Result "0-1"]
[WhiteElo "1137"]
[BlackElo "1408"]

1. Nc3 e5 2. e4 c6 3. d4 exd4 4. Qxd4 c5 5. Qd1 Nc6 6. Nf3 Nf6 7. e5 Ng4 8. Bf4
a6 9. h3 Nxf2 10. Kxf2 b5 11. Qd5 Qb6 12. Bd3 Bb7 13. Ng5 Nd8 14. Qd6 Bxd6 15.
exd6 Ne6 16. Rae1 O-O-O 17. Nxf7 Nxf4 18. Re3 Nxd3+ 19. cxd3 Rhf8 20. Rf3 Bxf3
21. gxf3 Rxf7 0-1

[Event "AUTO-BEG-423"]
[Site "http://www.queenalice.com/game.php?id=835908"]
[Date "2010.9.21"]
[Round "1"]
[White "carlosjvega"]
[Black "zipperjones"]
[Result "1-0"]
[WhiteElo "1268"]
[BlackElo "1148"]

1. e4 e5 2. Bc4 Nf6 3. c3 d5 4. exd5 Nxd5 5. Bxd5 Qxd5 6. Qf3 e4 7. Qe3 Bc5 8.
d4 Bd6 9. Ne2 Nc6 10. Nf4 Qf5 11. g3 g5 12. Nh5 Rg8 13. O-O Qf3 14. Qxf3 exf3
15. Nf6+ 1-0

[Event "AUTO-BEG-423"]
[Site "http://www.queenalice.com/game.php?id=835909"]
[Date "2010.9.21"]
[Round "1"]
[White "zipperjones"]
[Black "Dolskkier"]
[Result "0-1"]
[WhiteElo "1185"]
[BlackElo "1307"]

1. e4 e6 2. d4 d5 3. e5 c5 4. Be3 Nc6 5. Nf3 Nge7 6. dxc5 Ng6 7. Bd4 Nxd4 8.
Nxd4 Bxc5 9. Nb5 Qb6 10. N1c3 Bxf2+ 11. Kd2 Qe3# 0-1

[Event "AUTO-BEG-423"]
[Site "http://www.queenalice.com/game.php?id=835910"]
[Date "2010.9.21"]
[Round "1"]
[White "Dolskkier"]
[Black "zipperjones"]
[Result "1-0"]
[WhiteElo "1318"]
[BlackElo "1174"]

1. e4 e5 2. Bc4 Nh6 3. Nc3 b6 4. d3 Bc5 5. Bxh6 gxh6 6. Qh5 Qf6 7. Qf3 Qxf3 8.
Nxf3 Nc6 9. Nd5 Bd6 10. Nh4 Nb4 11. O-O-O Ba6 12. Nf5 Bxc4 13. Nxd6+ cxd6 14.
Nc7+ 1-0

[Event "AUTO-BEG-423"]
[Site "http://www.queenalice.com/game.php?id=835911"]
[Date "2010.9.21"]
[Round "1"]
[White "zipperjones"]
[Black "dgrecu"]
[Result "0-1"]
[WhiteElo "1232"]
[BlackElo "1221"]

1. f3 e5 2. e4 Nc6 3. Nc3 Nf6 4. Bd3 d5 5. Nh3 Bxh3 6. gxh3 d4 7. Na4 Nd7 8. c3
Qh4+ 9. Ke2 O-O-O 10. Qe1 Qxh3 11. cxd4 Nxd4+ 12. Ke3 Qxf3# 0-1

[Event "AUTO-BEG-423"]
[Site "http://www.queenalice.com/game.php?id=835912"]
[Date "2010.9.21"]
[Round "1"]
[White "dgrecu"]
[Black "zipperjones"]
[Result "1-0"]
[WhiteElo "1201"]
[BlackElo "1194"]

1. e4 e5 2. Nf3 d6 3. d4 Nc6 4. Bb5 a6 5. Bxc6+ bxc6 6. dxe5 dxe5 7. Nbd2 Bc5 8.
Nxe5 Qh4 9. Qf3 f6 10. g3 Qg5 11. Ndc4 Bg4 12. Nxg4 Qh5 13. Be3 Bxe3 14. Ncxe3
O-O-O 15. Qf5+ Qxf5 16. exf5 g6 17. O-O gxf5 18. Nxf5 h5 19. Nge3 Nh6 20. Ne7+
Kd7 21. N7f5 Ke6 22. Nxh6 Rxh6 23. Rae1 h4 24. Ng4+ 1-0